00770nam a2200229Ia 4500003000900000008004100009040001300050040001300063041000800076100001800084245010700102250002200209260002300231260000900254300001100263300001000274490002900284490000700313942000700320999001700327952019600344IT-RoPAU120407s9999 xx 000 0 und d aIT-RoPAU cIT-RoPAU aita aEdoardo Borra aIl Maskal e il Leone di Giuda. Appunti di storia, religione e letteratura sull’Altopiano etiopico... aCinisello Balsamo aSan Paolo Edizioni c1994 a238 p. c22 cm aIl fascino dell’ignoto v12 cBK c29907d29907 00102ddc406911_11200000000000071aPAULUSbPAULUSd2012-04-11l0o911.112r2012-04-11 00:00:00w2012-04-11yBKzInserito da: Jole In data: 11 luglio 2011 fondo: Via A.Severo 56 Progr:13097